Normal view MARC view
  • Nasir Abbas (00000320499)

Entry Personal Name

Number of records used in: 1

001 - CONTROL NUMBER

  • control field: 116742

003 - CONTROL NUMBER IDENTIFIER

  • control field: NUST

005 - DATE AND TIME OF LATEST TRANSACTION

  • control field: 20230912170033.0

008 - FIXED-LENGTH DATA ELEMENTS

  • fixed length control field: 230912|| aca||aabn | a|a d

040 ## - CATALOGING SOURCE

  • Original cataloging agency: NUST
  • Transcribing agency: NUST

100 ## - HEADING--PERSONAL NAME

  • Personal name: Nasir Abbas (00000320499)

670 ## - SOURCE DATA FOUND

  • Source citation: Work cat.: (NUST): Nasir Abbas (00000320499), Steady-State and Dynamic Analyses of Large-Scale PV Penetration on Transmission System /, 2022
© 2023 Central Library, National University of Sciences and Technology. All Rights Reserved.